000 00462nam a22001931a 4500
001 3861
003 OSt
005 20260204211906.0
008 050404s1975||||sp ||||||b||||||||||spa||
020 _a8405226
050 _a944 B161t
082 _a944 B161t
100 _aBainville, Jaques
245 _aLa tercera República Francesa / Jaques Bainville
264 _aEspaña : Dancel
300 _a236 p
650 _a1.Historia - FranciaÌ
942 _2ddc
_cBK
999 _c3861
_d3861